Statistiques concernant Pays frontaliers de la France

Cliquez ici pour prendre le quiz!

Statistiques générales

  • Ce quiz a été pris 115 fois
  • Le résultat moyen est 10 sur 11

Statistiques - réponses

Pays % Correct
allemagne
100%
italie
100%
belgique
99%
suisse
99%
luxembourg
98%
espagne
98%
andorre
95%
monaco
91%
brésil
89%
suriname
79%
pays bas
74%

Distribution des résultats

Percentile par nombre de réponses

% des personnes avec chaque résultat

Votre développement - résultats

Vous n’avez pas pris ce quiz